000 00651nam a22002057a 4500
005 20240530110428.0
008 150328s2005 ua g 000 j ara d
017 _a2004/20222
_bمصر . دار الكتب المصرية
020 _a9770911682
040 _aEG-CaGPL
082 0 4 _221
_a813.01\
_bإ و
100 0 _aابراهيم اصلان
245 1 0 _aوردية ليل /
_cابراهيم اصلان
250 _aط1
260 _aالقاهرة :
_bدار الشروق ،
_c2005
300 _a78 ص ؛
_c19 سم
650 0 4 _aالقصص العربية القصيرة
942 _2ddc
_cBK
999 _c60785
_d60785